Top 5 Most Famous by First Name: D (#2) - Statistics

General Stats
  • This quiz has been taken 12 times
  • The average score is 6 of 47
Answer Stats
First Name Last Name Hint Lifespan % Correct
Demi Lovato Singer / Actress 1992-
82%
Demi Moore Actress / Film Producer 1962-
82%
Douglas MacArthur Five-Star General / Field Marshal of the Philippines 1880-1964
55%
Dean Martin Singer / Actor / Comedian 1917-1995
55%
Declan Rice Footballer 1999-
55%
Douglas Fairbanks Actor / Screenwriter / Director / Producer 1883-1939
45%
Declan Donnelly TV Presenter / TV Producer / Singer / Comedian / Actor 1975-
27%
Dillon Brooks Basketball Player 1996-
18%
Douglas Costa Footballer 1990-
18%
Duncan Ferguson Footballer / Assistant Soccer Manager 1971-
18%
Duncan James Singer / Actor / TV Presenter 1978-
18%
Duncan Robinson Basketball Player 1994-
18%
Douglas Adams Author / Screenwriter / Essayist / Humorist / Satirist / Dramatist 1952-2001
9%
Dillon Gee Baseball Pitcher 1986-
9%
Darci Kistler Ballerina 1964-
9%
Duncan L. Hunter U.S. Congressman 1948-
9%
Darci Lynne Ventriloquist / Singer 2004-
9%
Dean Smith College Basketball Head Coach 1931-2015
9%
Demi Stokes Footballer 1991-
9%
Demi Adejuyigbe Writer / Comedian / Social Media Personality 1992-
0%
Delilah Beasley Historian / Newspaper Columnist 1867-1934
0%
Darcie Brown Cricketer 2003-
0%
Dean Corll Serial Killer 1939-1973
0%
Delilah DiCrescenzo Distance Runner 1983-
0%
Darcie Dohnal Short Track Speed Skater 1972-
0%
Darcie Edgemon Author 1980-
0%
Darcie Frackenpohl Murder Victim 1970-1987
0%
Dillon Francis Musician / Record Producer / DJ 1987-
0%
Dillon Freasier Actor 1996-
0%
Darci Frigo Land Reform Activist ????-
0%
Dillon Gabriel College Football Quarterback ????-
0%
Declan Gallagher Footballer 1991-
0%
Demi Harman Actress / TV Presenter 1993-
0%
Dean Henderson Footballer 1997-
0%
Douglas Hofstadter Scholar of Cognitive Science, Physics & Comparative Literature 1945-
0%
Dillan Ismail Footballer 1992-
0%
Declan Jones Racing Driver 1995-
0%
Duncan Laurence Singer-Songwriter 1994-
0%
Darcie Little Badger Author / Earth Scientist 1987-
0%
Declan McKenna Singer / Songwriter / Music Producer / LGBTQ+ Advocate / Political Activist 1998-
0%
Darci Miguel Monteiro Footballer 1968-2018
0%
Dillan Ponders Hip Hop Recording Artist / Rapper 1991-
0%
Delilah Rene Radio Personality / Author / Songwriter 1960-
0%
Delilah S. Dawson Author 1977-
0%
Dean Stockwell Actor 1936-
0%
Delilah Stoecker Singer-Songwriter 1990-
0%
Darci Vargas First Lady of Brazil 1895-1968
0%
No matching quizzes found
Score Distribution
Percent of People with Each Score
Percentile by Number Answered
Your Score History
You have not taken this quiz